000 00458nab a2200145Ia 4500
003 ES-SlBCS
005 20210601124431.0
008 140529s1996 xxu||||| |||| 00| 0 eng d
041 _aeng
100 1 _aLather, Patti
_9139677
245 0 0 _aTroubling Clarity: The Politics of Accessible Language
_c Patti Lather
650 0 4 _aLenguaje Académico
_9142140
773 0 _tHarvard Educational Review
_gvol. 66, nº. 3, 1996, págs. 525-545
_wRev1401
942 _cAR
999 _c514745
_d514745